Регионална библиотека "Любен Каравелов" - Русе

Гами и технически упражнения за кавал (Запис номер 352248)

MARC детайли
000 -Лидер
Контролно поле с фиксирана дължина ncm a22 a 4500
003 - Код на организацията, давaща контролен номер
Контролно поле BLK
005 - Дата и час на последна редакция
Контролно поле 20201007040710.0
008 - Елементи от данни с фиксирана дължина
fixed length control field 200401b bu ||||| |||| 00| 0 bu d
040 ## - Източник на каталожния запис
Идентификатор на билиотеката - собственик на записа BLK
041 ## - Код за език
Код за езика на текст/звукозапис или на отделно заглавие Български
Код за езика КДБФ Български
080 ## - УДК
Текстов определител УДК Алтхорн, кавал, гайда и др. Учебна литература
УДК код - определител по УДК 788.91.087.5
УДК - код + определител 788.91.087.5
100 ## - Редна дума - Автор
Автор Василев, Милчо
Авторска отговорност първи автор
R(LIN) 1299
139 ## - Редно поле
Редна дума Василев, Милчо
Авторски знак Васи - В 24
245 ## - Сведения за заглавието
Заглавие Гами и технически упражнения за кавал
Подзаглавни данни Нотирана музика
Редно поле (дума) Милчо Василев
260 ## - Област на издателските данни
9 (RLIN) 209430
Място на издаване, разпространение и проч. София
Име на издателя, разпространителя и проч. Музика
Година на издаване 1982
300 ## - Физическа характеристика
Страници 1 партитура (58 с.)
Размери/Мащаб 30 см
380 ## - Жанр
Жанр Изкуство
650 #7 - Допълнително описание по предмет – тема
9 (RLIN) 158071
Основно описание – тема или топоним Кавал
653 #7 - Ключова дума – ненормативна
9 (RLIN) 198318
Ключова дума технически упражнения
852 ## - Местоположение
Форматна сигнатура Цб М ІІ 8799
Фондова буква Хранилище
999 ## - СИСТЕМНИ КОНТРОЛНИ НОМЕРА
Koha biblionumber 352248
Koha biblioitemnumber 352248
942 ## - АРТИКУЛИ
Вид на библиотечния материал Нотни издания
Скрит в OPAC Не
Периодичен библиозапис Да
944 ## - СЪЗДАВАНЕ И РЕДАКЦИЯ на ЗАПИСА
Създаване/Редакция Създаване
Дата на регистрацията/редакция 2020-04-07
Служител, извършил регистрацията/редакцията В. Т.
944 ## - СЪЗДАВАНЕ И РЕДАКЦИЯ на ЗАПИСА
Създаване/Редакция Редакция
Дата на регистрацията/редакция 2020-07-08
Служител, извършил регистрацията/редакцията ГГГ
999 ## - СИСТЕМНИ КОНТРОЛНИ НОМЕРА
Koha biblioitemnumber 352248
999 ## - СИСТЕМНИ КОНТРОЛНИ НОМЕРА
Koha biblioitemnumber 350397
999 ## - СИСТЕМНИ КОНТРОЛНИ НОМЕРА
Koha biblioitemnumber 350375
999 ## - СИСТЕМНИ КОНТРОЛНИ НОМЕРА
Koha biblioitemnumber 350374
999 ## - СИСТЕМНИ КОНТРОЛНИ НОМЕРА
Koha biblioitemnumber 350372
999 ## - СИСТЕМНИ КОНТРОЛНИ НОМЕРА
Koha biblioitemnumber 350368
999 ## - СИСТЕМНИ КОНТРОЛНИ НОМЕРА
Koha biblioitemnumber 350366
999 ## - СИСТЕМНИ КОНТРОЛНИ НОМЕРА
Koha biblioitemnumber 350365
999 ## - СИСТЕМНИ КОНТРОЛНИ НОМЕРА
Koha biblioitemnumber 350362
999 ## - СИСТЕМНИ КОНТРОЛНИ НОМЕРА
Koha biblioitemnumber 350360
999 ## - СИСТЕМНИ КОНТРОЛНИ НОМЕРА
Koha biblioitemnumber 350358
999 ## - СИСТЕМНИ КОНТРОЛНИ НОМЕРА
Koha biblioitemnumber 350354
999 ## - СИСТЕМНИ КОНТРОЛНИ НОМЕРА
Koha biblioitemnumber 350352
999 ## - СИСТЕМНИ КОНТРОЛНИ НОМЕРА
Koha biblioitemnumber 350348
999 ## - СИСТЕМНИ КОНТРОЛНИ НОМЕРА
Koha biblioitemnumber 350346
999 ## - СИСТЕМНИ КОНТРОЛНИ НОМЕРА
Koha biblioitemnumber 350342
Наличности
Код за отписване Код за изгубен артикул Източник на класификационната схема Код за повреда Коз за рестрикции Код за отдаване Артикулен № Име на библиотеката - собственик Име на библиотеката, в която се намира в момента Статус (Текущо местоположение) Дата на вписване в системата Местоположение - отдел Цена в лева Инвентарен номер Систематично азбучна сигнатура Баркод Цена в евро Служебен тип на артикула
  Не е изгубен Universal Decimal Classification Не е повреден без рестрикции заемане за дома 760131 Регионална библиотека "Любен Каравелов" Русе Регионална библиотека "Любен Каравелов" Русе Отдел Изкуство - подръчен фонд 2020-04-09 Отдел Изкуство - подръчен фонд 1.33 365986 788/В 24 М 120000365986 0.68 Нотни издания
  Не е изгубен Universal Decimal Classification Не е повреден само за читалня заемане за дома 760132 Регионална библиотека "Любен Каравелов" Русе Регионална библиотека "Любен Каравелов" Русе Отдел Изкуство - подръчен фонд 2020-04-09 Отдел Изкуство - подръчен фонд 1.33 365987 788/В 24 М 120000365987 0.68 Нотни издания
  Не е изгубен Universal Decimal Classification Не е повреден само за читалня ползва се в читалня 782540 Регионална библиотека "Любен Каравелов" Русе Регионална библиотека "Любен Каравелов" Русе Хранилище 2020-07-08 Хранилище 1.33 362594 Цб М ІІ 8799 900000024222 0.68 Нотни издания
Vip Innovations Ltd, Rousse, Bulgaria 2025